Quizzes
Events
Quiz Creation
Community
Videos
Private Events
Remove Ads
Sign In
Join for FREE
Feedback
Dark Mode
Quiz Categories
Sports
Geography
Music
Movies
Television
Just For Fun
Miscellaneous
History
Literature
Language
Science
Gaming
Entertainment
Religion
Holiday
For Kids
Quiz Lab
Recent
Popular Today
Quiz Kudos Today
Editor Picks
Curator Picks
Quizzes by...
Day
Popularity
Type
Ratings
Length
Year
Community
Subscriptions
Recent Discussions
Orange Saloon
Badges
Playlists
Quests
Create
Leaderboards
Showdown
Live 5
Trivia Bingo
Activity
Puzzle Library
Sporcle Events
Private Events
Virtual Trivia
Globe League
Become a Host
Pub Owners
SporcleCon
Opinionation
Our Games
Videos
Blog
Mobile Apps
Partnerships
Remove Ads and Go Orange
Feedback
Gaming
Video Games
Board Games
Card Games
Pokémon
Mario
Nintendo
Minecraft
Console
Toys
Legend of Zelda
Gaming
Video Games
Board Games
Card Games
Pokémon
Mario
Nintendo
Minecraft
Console
Toys
Legend of Zelda
Random Quiz
Search Sporcle
×
Quiz Lab
Quiz Lab
Gaming
Popular
Type in answers that appear in a list
Type in answers that appear in a list
Classic
Best Score? Go Orange.
Ubisoft Games Stats
Can you name the popular Ubisoft series' by their setting and character(s)?
By
BlackJack_21
90s
7 Questions
363 Plays
363 Plays
363 Plays
Comments
Comments
Give Quiz Kudos
Give Quiz Kudos
-
- Ratings
hide this ad
More Info
Random Order
Randomize order of answers
Randomize order of answers
Replay
Link that replays current quiz
Next Quiz
Link to next quiz in quiz playlist
You Got
0%
They Got
Avg Score
58%
Avg Friend Score
Upgrade to see
Score Distribution
Jump to the score distribution portion of the page
Score
0/7
Timer
01:30
0
Plays Today
Character(s)
Series
% Correct
Desmond Miles, Ezio Auditore, Altair Ibn-
La'Ahad, Edward Kenway, Connor Kenway
Assassin's Creed
91.2%
Jack Carver, Jason Brody, Vaas
Far Cry
77.4%
The Prince, The Vizier, Princess Farah
Prince of Persia
68.9%
Sam Fisher, Irving Lambert, Anna Grimsdottir
Splinter Cell
66.7%
Logan Keller, Bishop, Knight
Rainbow Six
45.7%
Elite Soldiers
Ghost Recon
41.9%
Reverend Ray McCall, Thomas McCall
Call of Juarez
17.1%
Quiz Playlist
Details
Report
Send in Message
Add To Playlist
More Info:
In progress, will have more titles soon!
Classic:
Type in answers that appear in a list
Random Order:
Randomize order of answers
Quiz Source
Last Updated: Feb 16, 2017
Quiz Scoreboard
CHALLENGE
Sign Up to Join the Scoreboard
Show All
Scores
Hide
Comments
May contain spoilers
Recently Published
NBA Finals Game Top Scorers (2010s)
by flibbidy
Sports
5m
Guess the 'R' Things in 3 Words
by MSUKent
Miscellaneous
3m
Actor to Badly Drawn Movie III
by MoMosMoProblems
Movies
5m
More to Explore
Quiz From the Vault
Featured Blog Post
Where Does Lost Luggage Go?
hide this ad
You Might Also Like...
Tags
Popular Quiz
assassin
call
Character
Game Companies
Games by Maker
Game Series
ghost
Persia
prince
Splinter Cell
Today's Top Quizzes in Gaming
Browse Gaming
hide this ad
Today's Top Quizzes in Popular
Browse Popular
Top Contributed Quizzes in Gaming
1
Video Game Rainbow Blitz
2
Genshin Impact Logic Puzzle
3
Pokémon Gen IV Logic Puzzle (HARD)
4
Rainbow Six Siege Operators by Picture
5
Genshin Impact Logic Puzzle Quiz
6
Ordering Roman Numerals: Pokémon
7
Magic: the Gathering Set Symbols - LCI
8
Pokémon Logic Puzzle (DIFFICULT)
9
St. Patrick's Pick: Gaming
10
Wii Remote Buttons
Explore More
Trending Topics
Kpop
Harry Potter
Anime
Marvel
Crossword
Disney
NBA
Puzzle
WWE
Soccer
NFL
Country
The Office
Pokémon
Song
hide this ad
More By:
BlackJack_21
Quiz
Plays
Rating
Category
Featured
Created
True or False: Minecraft
6,235
2.00
Gaming
Dec 19, 2013
Herobrine Typing Challenge
2,208
4.63
Gaming
Dec 14, 2013
Video Game Title Acronyms
1,446
3.53
Gaming
Apr 1, 2016
Rockstar Games
483
1.50
Gaming
Dec 14, 2013
Ubisoft Games
363
3.00
Gaming
Nov 3, 2013
Go to Creator's Profile
Score Distribution
Quiz Creator Spotlight
BlackJack_21
Follow
Send a Message
Quizzes Created
-
Created Quiz Play Count
-
More By This Creator
Popular Quizzes Today
1
Find the US States - No Outlines Minefield
2
Find the US States
3
The Countries of the World
4
10 Largest US States in Order
5
Find the Countries of Europe - No Outlines Minefield
6
US States
7
Guess the 'R' Things in 3 Words
8
NBA Finals Game Top Scorers (2010s)
More Gaming Quizzes
Minesweeper 10x10 - Hard XVI
Quiz Lab
Trending Quizzes
First Name TV: Leading Men
First Name TV: Leading Women Drama
Match the Book to the Film II
Pick A Pair: Religious TV
Match the Book to the Film VI
Recently Updated
Women's Final Four Teams by Year
bhenderson79
Presidents Quartet II
eogle
Anything But Clue(do)
eogle
Anything But Oceanian Capitals
eogle
Anything But 7
eogle
Anything But Thing
eogle
Word Ladder: February 29
pecheneg
Song Title Questions
pecheneg
Women's NCAA Tournament #1 Seeds
pecheneg
Celebrity Mug Shots
pecheneg
Trending Topics
Disney
Crossword
Kpop
NBA
Harry Potter
Anime
Marvel
Country
Soccer
Song
Puzzle
NFL
WWE
Pokémon
The Office
Your Account Isn't Verified!
In order to create a playlist on Sporcle, you need to verify the email address you used during registration. Go to your
Sporcle Settings
to finish the process.
Report this User
Report this user for behavior that violates our
Community Guidelines
.
Details:
Send Report
Go to the Sporcle.com Mobile Site →
Comments